| 000 | 00513nam a22001577a 4500 | ||
|---|---|---|---|
| 008 | 150526b xxu||||| |||| 00| 0 eng d | ||
| 020 | _a9780615788968 | ||
| 050 | _aBJ1249.R593 1996 | ||
| 100 |
_aRipperger, Chad _917646 |
||
| 245 |
_aThe Morality of the exterior act _cFr. Chad Ripperger |
||
| 260 |
_aRomae _bSensus traditionis Press _c1996 |
||
| 300 |
_a182p. ; _c28cm. |
||
| 650 |
_aChristian ethics _xCatholic authors _917930 |
||
| 650 |
_aThomas Acquinas st. _xEthics _917931 |
||
| 942 |
_2lcc _cMONOGRAPH |
||
| 999 |
_c122868 _d122868 |
||